System and Architecture Proceedings of CSI 2015 /

This book comprises the select proceedings of the annual convention of the Computer Society of India. Divided into 10 topical volumes, the proceedings present papers on state-of-the-art research, surveys, and succinct reviews. The volumes cover diverse topics ranging from parallel processing to syst...

Full description

Bibliographic Details
Corporate Author: SpringerLink (Online service)
Other Authors: Muttoo, Sunil Kumar (Editor, http://id.loc.gov/vocabulary/relators/edt)
Format: Electronic eBook
Language:English
Published: Singapore : Springer Singapore : Imprint: Springer, 2018.
Edition:1st ed. 2018.
Series:Advances in Intelligent Systems and Computing, 732
Subjects:
Online Access:Full Text via HEAL-Link
LEADER 02869nam a2200505 4500
001 978-981-10-8533-8
003 DE-He213
005 20191026102159.0
007 cr nn 008mamaa
008 180515s2018 si | s |||| 0|eng d
020 |a 9789811085338  |9 978-981-10-8533-8 
024 7 |a 10.1007/978-981-10-8533-8  |2 doi 
040 |d GrThAP 
050 4 |a TK7895.M5 
072 7 |a UYF  |2 bicssc 
072 7 |a COM011000  |2 bisacsh 
072 7 |a UYF  |2 thema 
082 0 4 |a 004.1  |2 23 
245 1 0 |a System and Architecture  |h [electronic resource] :  |b Proceedings of CSI 2015 /  |c edited by Sunil Kumar Muttoo. 
250 |a 1st ed. 2018. 
264 1 |a Singapore :  |b Springer Singapore :  |b Imprint: Springer,  |c 2018. 
300 |a XV, 338 p. 215 illus., 153 illus. in color.  |b online resource. 
336 |a text  |b txt  |2 rdacontent 
337 |a computer  |b c  |2 rdamedia 
338 |a online resource  |b cr  |2 rdacarrier 
347 |a text file  |b PDF  |2 rda 
490 1 |a Advances in Intelligent Systems and Computing,  |x 2194-5357 ;  |v 732 
520 |a This book comprises the select proceedings of the annual convention of the Computer Society of India. Divided into 10 topical volumes, the proceedings present papers on state-of-the-art research, surveys, and succinct reviews. The volumes cover diverse topics ranging from parallel processing to system buses, and from computer architecture to VLIW (very long instruction word). This book focuses on systems and architecture. It aims at informing the readers about those attributes of a system visible to a programmer. This book also deals with various innovations and improvements in computing technologies to improve the size, capacity and performance of modern-day computing systems. The contents of this book will be useful to professionals and researchers alike. 
650 0 |a Microprocessors. 
650 0 |a Computer hardware. 
650 0 |a Computer engineering. 
650 0 |a Operating systems (Computers). 
650 1 4 |a Processor Architectures.  |0 http://scigraph.springernature.com/things/product-market-codes/I13014 
650 2 4 |a Computer Hardware.  |0 http://scigraph.springernature.com/things/product-market-codes/I1200X 
650 2 4 |a Computer Engineering.  |0 http://scigraph.springernature.com/things/product-market-codes/I27000 
650 2 4 |a Operating Systems.  |0 http://scigraph.springernature.com/things/product-market-codes/I14045 
700 1 |a Muttoo, Sunil Kumar.  |e editor.  |4 edt  |4 http://id.loc.gov/vocabulary/relators/edt 
710 2 |a SpringerLink (Online service) 
773 0 |t Springer eBooks 
776 0 8 |i Printed edition:  |z 9789811085321 
776 0 8 |i Printed edition:  |z 9789811085345 
830 0 |a Advances in Intelligent Systems and Computing,  |x 2194-5357 ;  |v 732 
856 4 0 |u https://doi.org/10.1007/978-981-10-8533-8  |z Full Text via HEAL-Link 
912 |a ZDB-2-ENG 
950 |a Engineering (Springer-11647)